书目信息 |
| 题名: |
档案鉴辨学
|
|
| 作者: | 刘耿生 , 何庄 , 张美芳 主编 | |
| 分册: | ||
| 出版信息: | 北京 中国人民大学出版社 2009 |
|
| 页数: | 432页 | |
| 开本: | 23cm | |
| 丛书名: | ||
| 单 册: | ||
| 中图分类: | G272.3 | |
| 科图分类: | ||
| 主题词: | 档案鉴定--高等学校--教材 , 档案鉴定 | |
| 电子资源: | ||
| ISBN: | 978-7-300-09940-8 | |
| 000 | 01059nam0 2200277 45 | |
| 001 | 1130193812 | |
| 005 | 20110309091358.57 | |
| 010 | @a978-7-300-09940-8@dCNY49.80 | |
| 100 | @a20110122d2009 em y0chiy50 ea | |
| 101 | 0 | @achi |
| 102 | @aCN@b110000 | |
| 105 | @ay z 000yy | |
| 106 | @ar | |
| 200 | 1 | @a档案鉴辨学@ADang An Jian Bian Xue@f刘耿生,何庄,张美芳主编@FLiu Geng Sheng, He Zhuang, Zhang Mei Fang Zhu Bian |
| 210 | @a北京@c中国人民大学出版社@d2009 | |
| 215 | @a432页@d23cm | |
| 300 | @a普通高等教育“十一五”国家级规划教材 21世纪档案学系列教材 | |
| 330 | @a本书分历史篇、方法篇、专题篇三部分。运用档案鉴辨活动的全部方法,探讨如何能够“慧眼识档”,从而使读者可以准确无误地识别出何者为“伪误档案”,何者为“真正档案”。 | |
| 606 | 0 | @a档案鉴定@x高等学校@j教材 |
| 606 | 0 | @a档案鉴定 |
| 690 | @aG272.3@v4 | |
| 701 | 0 | @a刘耿生@ALiu Geng Sheng@4主编 |
| 701 | 0 | @a何庄@AHe Zhuang@c(女,@f1964~)@4主编 |
| 701 | 0 | @a张美芳@AZhang Mei Fang@c(女,@f1964.9~)@4主编 |
| 801 | 0 | @aCN@bTANGWEI@c20110309 |
| 905 | @b0530342-46@dG272.3@e58@f5 | |
| 档案鉴辨学/刘耿生,何庄,张美芳主编.-北京:中国人民大学出版社,2009 |
| 432页;23cm |
| 普通高等教育“十一五”国家级规划教材 21世纪档案学系列教材 |
| ISBN 978-7-300-09940-8:CNY49.80 |
| 本书分历史篇、方法篇、专题篇三部分。运用档案鉴辨活动的全部方法,探讨如何能够“慧眼识档”,从而使读者可以准确无误地识别出何者为“伪误档案”,何者为“真正档案”。 |
| ● |
| 相关链接 |
|
|
|
|
正题名:档案鉴辨学
索取号:G272.3/58
 
预约/预借
| 序号 | 登录号 | 条形码 | 馆藏地/架位号 | 状态 | 备注 |
| 1 | 0530342 | 205303429 | 第一样本阅览室/ [索取号:G272.3/58] | 在馆 | |
| 2 | 0530343 | 205303438 | 第四借阅区/ [索取号:G272.3/58] | 在馆 | |
| 3 | 0530344 | 205303447 | 第四借阅区/ [索取号:G272.3/58] | 在馆 | |
| 4 | 0530345 | 205303456 | 第四借阅区/ [索取号:G272.3/58] | 在馆 | |
| 5 | 0530346 | 205303465 | 第四借阅区/ [索取号:G272.3/58] | 在馆 |